| 000 | 00797nam a2200193Ia 4500 | ||
|---|---|---|---|
| 008 | 0000002005 usa 0000000000eng00 | ||
| 090 | _aPUS00 C17g | ||
| 100 | 1 | _aCatlin, George, 1796 | |
| 245 | 1 | 0 | _aGeorge Catlin and His Indian Gallery |
| 300 |
_a1 plegable [8] p. _c/ 29 cm. |
||
| 500 | _aExposición realizada en Renwick Gallery of the Smithsonian American Art Museum, Washington, Septiembre 6, 2002 Enero 19, 2003 \ Con el patronazgo de la empresa colombiana PLARESA | ||
| 600 | 0 | 0 |
_aCATLIN, GEORGE, 17961872/ _xTRABAJOS PICTORICOS |
| 650 | 1 | 4 | _aARTE CONTEMPORANEO ESTADOUNIDENSE |
| 650 | 1 | 4 | _xCATALOGOS |
| 650 | 1 | 4 | _xEXPOSICIONES |
| 650 | 1 | 4 | _aPINTORES ESTADOUNIDENSES |
| 650 | 1 | 4 | _aPINTURA ESTADOUNIDENSE |
| 999 |
_c7477 _d7477 |
||
| 260 |
_aNew York : Smithsonian American Art Museum _c2005 |
||